Countries with average population - Statistics

General Stats
  • This quiz has been taken 10 times
  • The average score is 6 of 10
Answer Stats
Hint Answer % Correct
46,692,858 Spain
88%
42,729,036 Ukraine
88%
44,361,150 Argentina
75%
37,074,562 Canada
63%
37,921,592 Poland
63%
41,801,533 Sudan
63%
42,228,408 Algeria
50%
38,433,600 Iraq
50%
44,246,156 Uganda
38%
37,171,921 Afganistan
25%
No matching quizzes found
Score Distribution
Percent of People with Each Score
Percentile by Number Answered
Your Score History
You have not taken this quiz